Microsoft Flight Simulator Quiz - Statistics

General Stats
  • This quiz has been taken 31 times
  • The average score is 6 of 6
Answer Stats
Hint Answer % Correct
How many packets have been sold in 2024? 800,000
100%
What does MSFS stand for? Microsoft Flight Simulator
100%
What is the newest current version of the simulator? MSFS24
100%
How many Aircraft are in the MSFS standard Pack? 95 Aircraft
94%
What is The MSFS most Famous plane in 2024? F-14
94%
When was the first ever edition made? 1982
78%
No matching quizzes found
Score Distribution
Percent of People with Each Score
Percentile by Number Answered
Your Score History
You have not taken this quiz